000 00631nam a2200241Ia 4500
003 OSt
005 20221006144752.0
006 a|||||r|||| 00| 0
007 ta
008 221006b |||||||| |||| 00| 0 eng d
020 _c25.00
024 _a12,655
037 _cTextual
040 _aEASL
_cEASL
_beng
041 _2eng
_aeng
082 _aV41:191.N78, L9
100 _aMALAVIYA H D
245 0 _aPeking leadership treachership and betrayal
260 _aDelhi
_bNew Literature
_c1979
300 _a178p.
_ccm.
942 _hV41:191.N78, L9
_cTEXL
_2CC
999 _c1080741
_d1080741